000 00461nam a2200157 4500
999 _c12817
_d12817
008 210608b ||||| |||| 00| 0 eng d
020 _a8122404421
082 0 0 _a620.3
_bR2151
100 _95036
_aRao, J. S.
245 1 0 _aAdvanced theory of vibration:non-linear vibration and one dimension structures /
_cby J.S. Rao
250 _a1st ed.
260 _aNew Delhi:
_bWiley Fastern,
_cc1992.
300 _axi, 431 p.
650 0 _aVibration
942 _2ddc
_cBK